000 00702cab a2200193 4500
001 WB2245-60
008 090401t1986 xxu||||| |||| 00| 0 eng d
035 _a(Sirsi) u28064
041 _aeng
245 _aJapanese investment in Europe
260 _c1986
350 _a0
490 _aFinancial Times
_v13/11/86 pp 1-10 10 pages LOAN
520 _aA survey providing an overview and then covering France,the UK, West Germany,Spain,the motor industry,financial services including property ,labour relations,electronics, transport ,raw materials and five profiles of individuals and companies.
650 _aFOREIGN INVESTMENT
690 _aSPECIAL REPORTS
942 _n0
948 _c04/03/1997
999 _c18928
_d18928